000 00614cam a22002053a 4500
001 45931
003 PGUSA
005 20140828084054.0
008 140610s2014||||xxu|||||s|||||000 | eng d
040 _aPGUSA
_beng
042 _adc
100 1 _aHay, Malcolm V.
_q(Malcolm Vivian)
245 1 0 _aWounded and a Prisoner of War :
_bBy an Exchanged Officer
_h[electronic resource] /
_cMalcolm V. Hay
260 _bProject Gutenberg,
_c2014
506 _aPublic domain in the USA.
516 _aElectronic text
830 0 _aProject Gutenberg
_v45931
856 4 0 _uhttp://www.gutenberg.org/ebooks/45931
942 _cEB
999 _c275180
_d275180